Christianity and Islam under the Sultans / (Record no. 25868)
[ view plain ]
| 000 -LEADER | |
|---|---|
| fixed length control field | 01424nam a2200325 a 4500 |
| 001 - CONTROL NUMBER | |
| control field | 25868 |
| 003 - CONTROL NUMBER IDENTIFIER | |
| rucl marc code | BD-RjUL |
| 005 - DATE AND TIME OF LATEST TRANSACTION | |
| control field | 20211209050935.0 |
| 008 - FIXED-LENGTH DATA ELEMENTS--GENERAL INFORMATION | |
| fixed length control field | 860101s1929 enkab b 001 0 eng d |
| 035 ## - SYSTEM CONTROL NUMBER | |
| System control number | (BD-RjUL)25938 |
| 040 ## - CATALOGING SOURCE | |
| Original cataloging agency | DLC |
| Transcribing agency | OUN |
| Modifying agency | OCL |
| -- | BD-RjUL |
| Language of cataloging | eng |
| 041 ## - LANGUAGE CODE | |
| Language code of text/sound track or separate title | eng |
| 082 ## - DEWEY DECIMAL CLASSIFICATION NUMBER | |
| Edition number | 23 |
| Classification number | 297.283 |
| Author mark and year | HAC V-1-V-2 1929 |
| 100 1# - MAIN ENTRY--PERSONAL NAME | |
| Personal name | Hasluck, F. W. |
| Fuller form of name | (Frederick William), |
| Dates associated with a name | 1878-1920. |
| 9 (RLIN) | 223593 |
| 245 10 - TITLE STATEMENT | |
| Title | Christianity and Islam under the Sultans / |
| Statement of responsibility, etc. | by the late F. W. Hasluck ; edited by Margaret M. Hasluck. |
| 260 ## - PUBLICATION, DISTRIBUTION, ETC. (IMPRINT) | |
| Place of publication, distribution, etc. | Oxford : |
| Name of publisher, distributor, etc. | Clarendon Press, |
| Date of publication, distribution, etc. | 1929. |
| 300 ## - PHYSICAL DESCRIPTION | |
| Pagination | 2 v. : |
| Illustrations | ill. ; |
| Size | 23 cm. |
| 500 ## - GENERAL NOTE | |
| General note | Paged continuously. |
| General note | "In the spring of 1913 he [the author] visited Konia, the ancient Iconium. There he became interested in the interplay of Christianity and Islam within the Turkish empire ... The result of his researches is this work, the first comprehensive study of Turkish folk-lore and its relations with Christianity."--Editor's note. |
| 504 ## - BIBLIOGRAPHY, ETC. NOTE | |
| Bibliography, etc | Bibliography: v. 1. p. [xxi]-ixiv. |
| 505 0# - FORMATTED CONTENTS NOTE | |
| Formatted contents note | Vol. 1 -- v. 2 -- |
| 650 #0 - SUBJECT ADDED ENTRY--TOPICAL TERM | |
| Topical term or geographic name as entry element | Islam |
| Geographic subdivision | Turkey. |
| 9 (RLIN) | 223594 |
| Topical term or geographic name as entry element | Folklore |
| Geographic subdivision | Turkey. |
| 9 (RLIN) | 223595 |
| Topical term or geographic name as entry element | Christianity |
| Geographic subdivision | Turkey. |
| 9 (RLIN) | 223596 |
| Topical term or geographic name as entry element | Christianity and other religions |
| General subdivision | Islam. |
| 9 (RLIN) | 223597 |
| Topical term or geographic name as entry element | Islam |
| General subdivision | Relations |
| -- | Christianity. |
| 9 (RLIN) | 223598 |
| 700 1# - ADDED ENTRY--PERSONAL NAME | |
| Personal name | Hasluck, Margaret M. , |
| Dates associated with a name | 1885-1948 , ed. |
| 942 ## - ADDED ENTRY ELEMENTS (KOHA) | |
| Source of classification or shelving scheme | Dewey Decimal Classification |
| Koha item type | Rare Books |
| Lost status | Source of classification or shelving scheme | Damaged status | Not for loan | Collection code | Permanent Location | Current Location | Shelving location | Date acquired | Total Checkouts | Full call number | Date last seen | Copy number | Koha item type | Source of acquisition | Cost, normal purchase price |
|---|---|---|---|---|---|---|---|---|---|---|---|---|---|---|---|
| Dewey Decimal Classification | Not For Loan | Rare Books | Central Library, University of Rajshahi | Central Library, University of Rajshahi | Rare Book Section | 10/10/2018 | RA 297.283 HAC V-2 1929 | 10/10/2018 | C-1 | Rare Books | |||||
| Dewey Decimal Classification | Not For Loan | Rare Books | Central Library, University of Rajshahi | Central Library, University of Rajshahi | Rare Book Section | 22/11/1966 | RA 297.283 HAC V-1 1929 | 11/10/2018 | C-1 | Rare Books | A. I. Quraishi | 67.00 |